000 00430nam a2200193Ia 4500
003 OSt
005 20221005120835.0
006 a|||||r|||| 00| 0
007 ta
008 221004b |||||||| |||| 00| 0 eng d
024 _a112050
037 _cTextual
040 _aCRL
_cCRL
_beng
041 _2eng
_aeng
245 0 _aFinancial statement 1962-63
260 _c1962
942 _cTEXL
_2cc
999 _c1039287
_d1039287